|
|
|
|
| LEADER |
00000nam a2200000 i 4500 |
| 001 |
115759 |
| 003 |
CZ ZlUTB |
| 005 |
20260603143922.0 |
| 007 |
ta |
| 008 |
260603t20262026xxka e p 001 0 eng d |
| 020 |
|
|
|a 978-1-292-75349-2
|q (brožováno)
|z 1-292-75349-8
|
| 040 |
|
|
|a ZLD002
|b cze
|e rda
|
| 072 |
|
7 |
|a 658
|x Řízení a správa podniku
|2 Konspekt
|9 4
|
| 072 |
|
7 |
|a 37.016
|x Učební osnovy. Vyučovací předměty. Učebnice
|2 Konspekt
|9 22
|
| 080 |
|
|
|a 339.138
|2 MRF
|
| 080 |
|
|
|a 658.8
|2 MRF
|
| 080 |
|
|
|a (075.8)
|2 MRF
|
| 100 |
1 |
|
|a Armstrong, Gary
|7 xx0019665
|4 aut
|
| 245 |
1 |
0 |
|a Marketing :
|b an introduction /
|c Gary Armstrong, Philip Kotler, Sridhar Balasubramanian
|
| 250 |
|
|
|a Sixteenth edition, global edition
|
| 264 |
|
1 |
|a Harlow :
|b Pearson,
|c [2026]
|
| 264 |
|
4 |
|c ©2026
|
| 300 |
|
|
|a 642 stran :
|b barevné ilustrace ;
|c 28 cm
|
| 336 |
|
|
|a text
|b txt
|2 rdacontent
|
| 337 |
|
|
|a bez média
|b n
|2 rdamedia
|
| 338 |
|
|
|a svazek
|b nc
|2 rdacarrier
|
| 500 |
|
|
|a Terminologický slovník
|
| 504 |
|
|
|a Obsahuje bibliografické odkazy a rejstřík
|
| 650 |
0 |
7 |
|a marketing
|7 ph115227
|2 czenas
|
| 650 |
0 |
9 |
|a marketing
|2 eczenas
|
| 655 |
|
7 |
|a učebnice vysokých škol
|7 fd133772
|2 czenas
|
| 655 |
|
9 |
|a textbooks (higher)
|2 eczenas
|
| 700 |
1 |
|
|a Kotler, Philip,
|d 1931-
|7 jn20011018131
|4 aut
|
| 700 |
1 |
|
|a Balasubramanian, Sridhar,
|d 1967-
|7 hka20241212837
|4 aut
|
| 910 |
|
|
|a ZLD002
|
| 942 |
|
|
|2 udc
|
| 952 |
|
|
|0 0
|1 0
|4 0
|6 339138ARMSTRONGG
|7 -1
|8 BOOK
|9 191433
|a UTBZL
|b UTBZL
|c 005
|d 2026-06-03
|l 0
|o 339.138/ARMSTRONG,G.
|p 420010202258
|r 2026-06-03 14:40:06
|v 1459.00
|w 2026-06-03
|x N:nákup
|y 01
|
| 992 |
|
|
|a BK
|b SKNEW
|
| 999 |
|
|
|c 115759
|d 115759
|